000 00627nam a2200217Ia 4500
003 OSt
005 20220928145607.0
006 a|||||r|||| 00| 0
007 ta
008 220927b |||||||| |||| 00| 0 eng d
024 _a81365
037 _cTextual
040 _aSDCL
_cSDCL
_beng
041 _2eng
_aeng
082 _aV51:51'M21, L3
100 _aClogg Richard Ed.
_9449575
245 0 _aStruggle for Greek independence
_b Essays to mark the 150th anniversary of the Greek war of independence.
260 _c1973
942 _hV51:51'M21, L3
_cTEXL
_2CC
999 _c834223
_d834223